All SSBU Fighters - Statistics

General Stats
  • This quiz has been taken 239 times
  • The average score is 67 of 89
Answer Stats
Answer % Correct
Mario
100%
Donkey Kong
94%
Link
94%
Luigi
94%
Bowser
92%
Peach
92%
Samus
92%
Kirby
91%
Pikachu
90%
Daisy
89%
Dark Samus
89%
Ken
87%
Charizard
85%
Yoshi
85%
Zelda
85%
Young Link
84%
Fox
83%
Pichu
83%
Steve
83%
Ivysaur
82%
Squirtle
82%
Ganondorf
81%
Marth
81%
Bowser Jr.
80%
Diddy Kong
80%
Mewtwo
80%
Ness
80%
Falco
79%
Ryu
79%
Wario
79%
Captain Falcon
78%
Piranha Plant
78%
Toon Link
78%
Zero Suit Samus
78%
Lucas
77%
Lucina
77%
King Dedede
76%
R.O.B.
76%
Banjo & Kazooie
74%
Jigglypuff
74%
Meta Knight
74%
Pyra
74%
Roy
74%
Sora
74%
Wolf
74%
Dark Pit
73%
Joker
73%
Mr. Game and Watch
73%
Pit
73%
Bayonetta
72%
Chrom
72%
Cloud
72%
Little Mac
72%
Mythra
72%
Sheik
72%
King K Rool
71%
Ridley
71%
Sephiroth
71%
Sonic
71%
Lucario
70%
Snake
70%
Villager
70%
Greninja
69%
Ike
69%
Incineroar
69%
Isabelle
69%
Rosalina
68%
Kazuya
67%
Hero
66%
Ice Climbers
66%
Byleth
65%
Dr. Mario
65%
Duck Hunt
65%
Gunner
65%
Mega Man
65%
Olimar
65%
Palutena
65%
Swordfighter
65%
Brawler
64%
Min Min
64%
PAC-Man
62%
Robin
62%
Simon
62%
Terry
62%
Corrin
61%
Richter
61%
Inkling
60%
Wii Fit Trainer
60%
Shulk
58%
No matching quizzes found
Score Distribution
Percent of People with Each Score
Percentile by Number Answered
Your Score History
You have not taken this quiz